LEADER 01048nam a2200289 i 4500 001 991002437869707536 008 070516s2007 nyua b 001 0 eng d 020 $a0387345345 024 3 $a9780387345345 035 $ab13526984-39ule_inst 040 $aDip.to Matematica$beng 082 0 $a515.75$222 084 $aAMS 39-01 084 $aLC QA431.S544 100 1 $aSmall, Christopher G.$011893 245 10$aFunctional equations and how to solve them /$cChristopher G. Small 260 $aNew York :$bSpringer,$cc2007 300 $axii, 129 p. :$bill. ;$c24 cm 440 0$aProblem books in mathematics 504 $aIncludes bibliographical references and index 650 0$aFunctional equations 907 $a.b13526984$b28-01-14$c16-05-07 912 $a991002437869707536 945 $aLE013 39-XX SMA11 (2007)$g1$i2013000205458$lle013$op$pE57.15$q-$rl$s- $t0$u0$v0$w0$x0$y.i14499447$z02-07-07 996 $aFunctional equations and how to solve them$9729928 997 $aUNISALENTO 998 $ale013$b16-05-07$cm$da $e-$feng$gnyu$h0$i0 LEADER 03124nam 22006492 450 001 9910964079103321 005 20151005020624.0 010 $a1-107-18318-9 010 $a1-281-08500-6 010 $a9786611085001 010 $a1-139-13315-2 010 $a0-511-34189-X 010 $a0-511-49554-4 010 $a0-511-34135-0 010 $a0-511-34077-X 010 $a0-511-34242-X 035 $a(CKB)1000000000478586 035 $a(EBL)326025 035 $a(OCoLC)476123899 035 $a(SSID)ssj0000207228 035 $a(PQKBManifestationID)11183677 035 $a(PQKBTitleCode)TC0000207228 035 $a(PQKBWorkID)10228753 035 $a(PQKB)11122044 035 $a(UkCbUP)CR9780511495540 035 $a(MiAaPQ)EBC326025 035 $a(Au-PeEL)EBL326025 035 $a(CaPaEBR)ebr10202725 035 $a(CaONFJC)MIL108500 035 $a(EXLCZ)991000000000478586 100 $a20090306d2007|||| uy| 0 101 0 $aeng 135 $aur||||||||||| 181 $ctxt$2rdacontent 182 $cc$2rdamedia 183 $acr$2rdacarrier 200 10$aMuslim legal thought in modern Indonesia /$fR. Michael Feener 205 $a1st ed. 210 1$aCambridge :$cCambridge University Press,$d2007. 215 $a1 online resource (xx, 270 pages) $cdigital, PDF file(s) 300 $aTitle from publisher's bibliographic system (viewed on 05 Oct 2015). 311 08$a0-521-18805-9 311 08$a0-521-87775-X 320 $aIncludes bibliographical references (p. 228-266) and index. 327 $aTechnology, training and cultural transformation -- The open gate of ijtiha?d -- An "Indonesian madhhab" -- Shari?'a Islam in a Pancasila nation -- New Muslim intellectuals and the "re-actualization" of Islam -- The new ulama? -- Next generation fiqh? 330 $aIndonesia has been home to some of the most vibrant and complex developments in modern Islamic thought anywhere in the world. Nevertheless little is known or understood about these developments outside South East Asia. By considering the work of the leading Indonesian thinkers of the twentieth century, Michael Feener, an intellectual authority in the area, offers a cogent critique of this diverse and extensive literature and sheds light on the contemporary debates and the dynamics of Islamic reform. The book highlights the openness to, and creative manipulation of, diverse strands of international thought that have come to define Islamic intellectualism in modern Indonesia. This is an accessible and interpretive overview of the religious and social thought of the world's largest Muslim majority nation. As such it will be read by scholars of Islamic law and society, South East Asian studies and comparative law and jurisprudence. 606 $aIslamic law$zIndonesia 607 $aIndonesia$xIntellectual life 615 0$aIslamic law 676 $a340.5909598 700 $aFeener$b R. Michael$01116369 801 0$bUkCbUP 801 1$bUkCbUP 906 $aBOOK 912 $a9910964079103321 996 $aMuslim legal thought in modern Indonesia$94424225 997 $aUNINA LEADER 01526oam 2200481zu 450 001 9911006759103321 005 20210803235106.0 010 $a1-61583-288-2 010 $a0-88173-594-9 035 $a(CKB)1000000000787556 035 $a(SSID)ssj0000144635 035 $a(PQKBManifestationID)11163552 035 $a(PQKBTitleCode)TC0000144635 035 $a(PQKBWorkID)10146569 035 $a(PQKB)10632061 035 $a(EXLCZ)991000000000787556 100 $a20160829d2008 uy 101 0 $aeng 181 $ctxt 182 $cc 183 $acr 200 10$aEfficient Electrical Systems Design Handbook 210 31$a[Place of publication not identified]$cFairmont Press Incorporated$d2008 300 $aBibliographic Level Mode of Issuance: Monograph 311 $a0-88173-593-0 606 $aCommercial buildings$xElectric equipment 606 $aElectric power systems 606 $aElectrical & Computer Engineering$2HILCC 606 $aEngineering & Applied Sciences$2HILCC 606 $aElectrical Engineering$2HILCC 615 0$aCommercial buildings$xElectric equipment. 615 0$aElectric power systems. 615 7$aElectrical & Computer Engineering 615 7$aEngineering & Applied Sciences 615 7$aElectrical Engineering 676 $a621.3 700 $aThumann$b Albert$0283451 702 $aFranz$b Harry 801 0$bPQKB 906 $aBOOK 912 $a9911006759103321 996 $aEfficient Electrical Systems Design Handbook$94392045 997 $aUNINA